000
00314nam a2200133Ia 4500
005
20260328101448.0
008
260328s9999||||xx |||||||||||||| ||und||
100
_a
Egelius, Mats
245
0
_a
Ralph Erskine, Architect /
_c
Mats Egelius
260
_b
Claes
300
_a
220 p.
650
_a
ARQUITECTOS
942
_c
BK
999
_c
8548
_d
8548